000 00396 a2200169 4500
001 191766
020 _a85-7319-234-8
040 _cMagnum
100 _aVasconcellos, Meiga
240 1 0 _aA boa viagem para belo horizonte
_lpor
245 1 0 _aA boa viagem para belo horizonte
300 _a72
362 0 _a1998
440 1 _aDimensão
697 _aLITERATURA INFANTO-JUVENIL
942 _cBK
999 _c191766
_d191766